[Event "Remote S5E No Engine-243 email"]
[Site "Remote email"]
[Date "2013.08.08"]
[Round "?"]
[White "Gonzalez E, Patricio E"]
[Black "Fernandez Ballon, Armel"]
[Result "0-1"]
[WhiteElo "1815"]
[BlackElo "2314"]
[PlyCount "64"]
[EventDate "2013.??.??"]
[EventType "tourn (corr)"]
[EventRounds "4"]
[EventCountry "GER"]
[SourceTitle "Corr 2015"]
[Source "ChessBase"]
[SourceDate "2015.07.17"]
[SourceVersion "1"]
[SourceVersionDate "2015.07.17"]
[SourceQuality "1"]

1. d4 Nf6 2. c4 g6 3. Nc3 Bg7 4. e4 d6 5. f4 0-0 6. Nf3 Na6 7. Be2 e5 8. dxe5 dxe5 9. Qxd8 Rxd8 10. fxe5 Ng4 11. Bf4 Re8 12. h3 Nxe5 13. Nxe5 Bxe5 14. Bxe5 Rxe5 15. 0-0 Be6 16. b3 Nc5 17. Bf3 c6 18. Rad1 h5 19. Kh2 a5 20. Rd6 a4 21. b4 Bxc4 22. Rfd1 Ne6 23. R1d2 Kg7 24. Rf2 Nf8 25. a3 Be6 26. Rfd2 Bb3 27. Bd1 Re6 28. Bxb3 Rxd6 29. Rxd6 axb3 30. Rd1 Rxa3 31. Nb1 Ra4 32. Rd4 c5 0-1

[Event "Remote S7E Easy-166 email"]
[Site "Remote email"]
[Date "2013.04.29"]
[Round "?"]
[White "Gonzalez E, Patricio E"]
[Black "Witt, Monika"]
[Result "1-0"]
[WhiteElo "1749"]
[BlackElo "1453"]
[PlyCount "61"]
[EventDate "2013.??.??"]
[EventType "tourn (corr)"]
[EventRounds "6"]
[EventCountry "GER"]
[SourceTitle "Corr 2015"]
[Source "ChessBase"]
[SourceDate "2015.07.17"]
[SourceVersion "1"]
[SourceVersionDate "2015.07.17"]
[SourceQuality "1"]

1. d4 d5 2. Nf3 Nc6 3. e3 h6 4. Bd3 a6 5. 0-0 Bg4 6. h3 Bxf3 7. Qxf3 Nf6 8. a3 e6 9. Qe2 Bd6 10. c4 Ne7 11. c5 Bxc5 12. dxc5 Nc6 13. b4 h5 14. Bb2 b5 15. Nd2 Qe7 16. e4 h4 17. Qe3 e5 18. Nf3 0-0-0 19. a4 Nxb4 20. axb5 Nxd3 21. Qxd3 dxe4 22. Qa3 Kd7 23. Nxe5+ Ke8 24. Nc6 Qd7 25. Nxd8 Qxd8 26. Qxa6 Nd7 27. Rad1 Nb8 28. Rxd8+ Kxd8 29. Rd1+ Nd7 30. Qc6 Rh6 31. Qxd7# 1-0

[Event "ARG-chT8 fin email"]
[Site "LADAC email"]
[Date "2006.01.08"]
[Round "?"]
[White "Deforel, Jorge Eduardo"]
[Black "Gonzalez E, Patricio E"]
[Result "1/2-1/2"]
[WhiteElo "2423"]
[BlackElo "2200"]
[PlyCount "72"]
[EventDate "2006.01.01"]
[EventType "tourn (corr)"]
[EventRounds "11"]
[EventCountry "ARG"]
[SourceTitle "Corr 2011"]
[Source "ChessBase"]
[SourceDate "2010.08.31"]
[SourceVersion "1"]
[SourceVersionDate "2010.08.31"]
[SourceQuality "1"]

1. d4 Nf6 2. Nf3 d5 3. c4 e6 4. Nc3 Be7 5. Bf4 0-0 6. e3 c5 7. dxc5 Bxc5 8. cxd5 Nxd5 9. Nxd5 exd5 10. a3 Nc6 11. Bd3 Bb6 12. 0-0 Bg4 13. h3 Bh5 14. b4 Re8 15. Rc1 a6 16. g4 Bg6 17. Bxg6 hxg6 18. Qd3 d4 19. exd4 Qd5 20. Rfd1 Rad8 21. Kg2 Nxd4 22. Bc7 Bxc7 23. Rxc7 Qxf3+ 24. Qxf3 Nxf3 25. Rxd8 Rxd8 26. Kxf3 Rd3+ 27. Ke4 Rxa3 28. Rxb7 Rxh3 29. Rb8+ Kh7 30. Rb6 f5+ 31. gxf5 gxf5+ 32. Kxf5 a5 33. Kg4 Ra3 34. b5 Rb3 35. f4 Rb1 36. Kh4 a4 1/2-1/2

[Event "ARG-chT8 fin email"]
[Site "LADAC email"]
[Date "2006.01.08"]
[Round "?"]
[White "Gonzalez E, Patricio E"]
[Black "Bericat, Angel Hugo"]
[Result "1/2-1/2"]
[WhiteElo "2200"]
[BlackElo "2606"]
[PlyCount "84"]
[EventDate "2006.01.01"]
[EventType "tourn (corr)"]
[EventRounds "11"]
[EventCountry "ARG"]
[SourceTitle "Corr 2011"]
[Source "ChessBase"]
[SourceDate "2010.08.31"]
[SourceVersion "1"]
[SourceVersionDate "2010.08.31"]
[SourceQuality "1"]

1. e4 e5 2. Nf3 Nc6 3. Bb5 a6 4. Ba4 Nf6 5. 0-0 Nxe4 6. d4 b5 7. Bb3 d5 8. dxe5 Be6 9. Nbd2 Nc5 10. c3 Bg4 11. Bc2 Qd7 12. Re1 Ne6 13. Nf1 Rd8 14. h3 Bh5 15. a4 b4 16. Ng3 Bg6 17. Bd3 Ra8 18. Be3 bxc3 19. bxc3 Bc5 20. Bxc5 Nxc5 21. e6 Nxe6 22. Ng5 Ncd8 23. Re5 c6 24. Nf5 0-0 25. Qg4 Ra7 26. Rae1 Nxg5 27. Ne7+ Kh8 28. Nxg6+ fxg6 29. Qxg5 Nf7 30. Qe7 Kg8 31. Qxd7 Rxd7 32. Re7 Rxe7 33. Rxe7 a5 34. c4 Rd8 35. cxd5 cxd5 36. Kf1 Nd6 37. Ra7 Nc4 38. Bxc4 dxc4 39. Rxa5 c3 40. Rc5 Ra8 41. Rxc3 Rxa4 42. g3 Kf7 1/2-1/2